Learn Microsoft visual C++ 6.0 now / (Record no. 62565)

MARC details
000 -LEADER
fixed length control field 00556nam a22001577a 4500
005 - DATE AND TIME OF LATEST TRANSACTION
control field 20120211133131.0
020 ## - INTERNATIONAL STANDARD BOOK NUMBER
International Standard Book Number 812031770X
Terms of availability 595.00
035 ## - SYSTEM CONTROL NUMBER
System control number B-41543
037 ## - SOURCE OF ACQUISITION
Stock number DPL
Source of stock number/acquisition ENG
100 ## - MAIN ENTRY--PERSONAL NAME
Personal name Sphar, Chuck
245 ## - TITLE STATEMENT
Title Learn Microsoft visual C++ 6.0 now /
Statement of responsibility, etc by Chuck Sphar
260 ## - PUBLICATION, DISTRIBUTION, ETC. (IMPRINT)
Place of publication, distribution, etc New Delhi
Name of publisher, distributor, etc Prentice-Hall of India
Date of publication, distribution, etc 1999
300 ## - PHYSICAL DESCRIPTION
Extent xxxii, 637p.
Dimensions 24 cms.
942 ## - ADDED ENTRY ELEMENTS (KOHA)
Source of classification or shelving scheme Dewey Decimal Classification
Item type English Books
Classification part 005.713
Call number suffix SPH
Holdings
Withdrawn status Lost status Not for loan Collection code Home library Current library Date acquired Cost, normal purchase price Full call number Barcode Cost, replacement price Koha item type
      Non-fiction Sarojini Nagar Sarojini Nagar 11/02/2012 595.00 005.713 SPH B-41543 595.00 English Books

© Delhi Public Library
Hit Counter
free hit counter